[Event "45th Olympiad 2024"]
[Site "Budapest HUN"]
[Date "2024.09.21"]
[Round "10.75"]
[Board "1"]
[White "Pg, Md Omar Ak Hafizon"]
[Black "Drayton, Anthony"]
[Result "1-0"]
[WhiteElo "2159"]
[BlackElo "1964"]
[PlyCount "53"]
[EventDate "2024.09.11"]
[WhiteTeam "Brunei Darussalam"]
[BlackTeam "Guyana"]
[BlackTeamCountry "GUY"]

1. e4 c5 2. Nf3 Nc6 3. Bb5 e6 4. O-O a6 5. Bxc6 bxc6 6. d3 d5 ({RR} 6... Ne7 7. b3 d6 8. Bb2 e5 9. Nbd2 Ng6 10. c3 Be7 11. d4 cxd4 12. cxd4 Qc7 13. Rc1 O-O 14. Nc4 f5 15. dxe5 fxe4 16. exd6 Bxd6 17. Qxd6 Qxd6 18. Nxd6 exf3 19. Rxc6 fxg2 20. Rfc1 Bh3 21. Rc7 {1-0 Tarhan,A (2467)-Tamer Waguih,F (2126) Titled Tue 27th Aug Late 2024 (10)}) 7. c4 Nf6 8. Nc3 Be7 9. b3 $146 ({RR} 9. Qe2 O-O 10. b3 Qc7 11. Na4 Bb7 12. e5 Nd7 13. Ba3 Rae8 14. Rac1 d4 15. Rce1 Bc8 16. Nd2 Kh8 17. f4 f6 18. exf6 gxf6 19. Ne4 Qa7 20. Qh5 f5 21. Ng5 Nf6 22. Qh6 Bd6 23. h3 Ng8 {1-0 Mokshanov,A (2385)-Chernyuk,M (2224) Moscow op-A 2012 (8)}) ({RR} 9. Qe2 O-O 10. Re1 Re8 11. Ne5 Qc7 12. f4 Bd6 13. Nxf7 Qxf7 14. e5 Be7 15. exf6 Bxf6 16. Qf3 Bd7 17. Na4 Qe7 18. Be3 d4 19. Bd2 Rab8 20. Ba5 Qf8 21. Bb6 Be7 22. Re5 Qf7 23. b3 Bd6 {½-½ Nikolakopoulos,N (1858)-Samaras,G (1696) GRE CupT final 36th 2018 (1.1)}) 9... Bb7 10. Ba3 Qa5 11. Bb2 Rd8 12. Qc2 Qc7 13. Rfe1 O-O 14. Ne2 d4 15. e5 Nd7 16. Nf4 g5 17. Nh5 g4 18. Qd2 Kh8 19. Ng5 Nxe5 20. Bc1 Ng6 21. Nxh7 Nh4 22. Nxf8 Bxf8 23. Qg5 Nf5 24. Bf4 Bd6 25. Bxd6 Rxd6 26. Qf6+ Kh7 27. Re5 1-0

[Event "45th Olympiad 2024"]
[Site "Budapest HUN"]
[Date "2024.09.21"]
[Round "10.75"]
[Board "2"]
[White "Nathoo, Loris"]
[Black "Yee, Soon Wei"]
[Result "1-0"]
[WhiteElo "1788"]
[BlackElo "2219"]
[PlyCount "65"]
[EventDate "2024.09.11"]
[WhiteTeam "Guyana"]
[BlackTeam "Brunei Darussalam"]
[WhiteTeamCountry "GUY"]

1. d4 Nf6 2. Bf4 g6 3. Nf3 Bg7 4. c3 O-O 5. Nbd2 d6 6. e4 c5 7. dxc5 dxc5 8. h3 b6 ({RR} 8... Nc6 9. Qc2 Nh5 10. Bh2 Bh6 11. Rd1 Bf4 12. Bxf4 Nxf4 13. g3 Nh5 14. Bg2 Qc7 15. O-O b6 16. Rfe1 Ba6 17. Bf1 Bxf1 18. Nxf1 Rad8 19. Ne3 Nf6 20. Nd5 Qb7 21. Qc1 Kg7 22. Qf4 Nh5 23. Qh4 {0-1 Demchenko,A (2641)-Nepomniachtchi,I (2784) Titled Tuesday intern op 22nd Sept blitz 2020 (8)}) 9. Qa4 $146 ({RR} 9. Bc4 Bb7 10. Qe2 Qc8 11. O-O Na6 12. Rfe1 Nc7 13. Bxc7 Qxc7 14. Ba6 Bc6 15. Bb5 Bxb5 16. Qxb5 a6 17. Qe2 b5 18. e5 Nd5 19. Qe4 Rfd8 20. a4 Rab8 21. axb5 axb5 22. Ra6 Rb6 23. Rxb6 Nxb6 {0-1 Meshkov,Y (2354)-Durarbayli,V (2612) Olympiad-42 Baku 2016 (4.1)}) ({RR} 9. Qc2 Ba6 10. Bxa6 Nxa6 11. O-O Nc7 12. a4 Ne6 13. Bh2 Qc8 14. Nc4 Qb7 15. e5 Nh5 16. Rfe1 Rad8 17. Qe4 Qxe4 18. Rxe4 Bh6 19. h4 Nhf4 20. Bxf4 Bxf4 21. g3 Bh6 22. Kg2 Rd7 23. Kf1 Rfd8 {½-½ Aloma Vidal,R (2409)-Fernandez Diaz,C (2160) 33rd Pobla De Lillet Open 2024 (3.3)}) ({RR} 9. Bc4 Ba6 10. Qe2 Bxc4 11. Qxc4 Nc6 12. O-O Nd7 13. Rad1 Nde5 14. Nxe5 Nxe5 15. Bxe5 Bxe5 16. Nf3 Qc7 17. Rd5 Bf6 18. Rfd1 Rad8 19. e5 Rxd5 20. Qxd5 e6 21. Qd6 Qxd6 22. Rxd6 Rd8 23. Rc6 Bg7 {1-0 Sedlak,N (2559)-Stankovic,M (2467) Belgrade Vucicevic Memorial blitz 2019 (7)}) ({RR} 9. Be2 Bb7 10. Qc2 Nc6 11. O-O Nh5 12. Bh2 e5 13. Rfe1 Nf4 14. Bf1 Qf6 15. Bxf4 exf4 16. Nc4 Qe7 17. a4 h5 18. a5 b5 19. a6 Bc8 20. Na5 Nxa5 21. Rxa5 b4 22. cxb4 cxb4 23. e5 Be6 {0-1 Banzea,A (2394)-Ibarra Jerez,J (2570) Titled Tuesday intern op 27th Sep Late blitz 2022 (1)}) 9... Bb7 10. Rd1 Qc8 11. Bd3 a6 12. Bb1 b5 13. Qc2 Nbd7 14. c4 e5 15. Be3 Nh5 16. O-O b4 17. Rfe1 f5 18. exf5 gxf5 19. g4 e4 20. Ng5 f4 21. Ndxe4 fxe3 22. Rxe3 Bd4 23. Nd6 Nhf6 24. Nxc8 Raxc8 25. Nxh7 Bxe3 26. Qg6+ Kh8 27. Nxf8 Bxf2+ 28. Kxf2 Rxf8 29. Kg1 Bc6 30. g5 Ne5 31. Qh6+ Kg8 32. gxf6 Nf3+ 33. Kf2 1-0

[Event "45th Olympiad 2024"]
[Site "Budapest HUN"]
[Date "2024.09.21"]
[Round "10.75"]
[Board "3"]
[White "Lim Teck Guan, Rodney"]
[Black "Sandiford, Keron"]
[Result "1-0"]
[WhiteElo "1931"]
[BlackElo "1755"]
[PlyCount "107"]
[EventDate "2024.09.11"]
[WhiteTeam "Brunei Darussalam"]
[BlackTeam "Guyana"]
[BlackTeamCountry "GUY"]

1. d4 d5 2. c4 c6 3. Nf3 Nf6 4. Nc3 dxc4 5. a4 Bf5 6. e3 h6 ({RR} 6... c5 7. Bxc4 cxd4 8. Qb3 Bg6 9. exd4 Qb6 10. Bb5+ Nbd7 11. Bf4 e6 12. a5 Qd8 13. O-O Be7 14. d5 exd5 15. Nxd5 O-O 16. Bc7 Qe8 17. Nxf6+ Bxf6 18. Qd5 Qe7 19. Qxd7 {1-0 Banikas,H (2609)-Skembris,S (2458) GRE CupT final 31st 2013 (2.2)}) 7. Bxc4 e6 8. O-O Bd6 9. Re1 $146 ({RR} 9. Qe2 Ne4 10. Rd1 O-O 11. Bd3 Nxc3 12. bxc3 Bxd3 13. Qxd3 Qc7 14. e4 Na6 15. e5 Be7 16. Qe4 Rfd8 17. Qg4 Kh7 18. Qh5 Rf8 19. g4 Kg8 20. g5 hxg5 21. Nxg5 Bxg5 22. Bxg5 f6 23. exf6 gxf6 {1-0 Nedberg,B (2113)-Andersen,D Norwegian op 2005 (2)}) ({RR} 9. Qe2 O-O 10. e4 Bg4 11. e5 Bc7 12. exf6 Qxf6 13. Qe4 Bf5 14. Qe3 g5 15. Ne5 Rd8 16. Ne4 Qg7 17. Ng3 Nd7 18. Nxf5 exf5 19. Nxf7 {1-0 Basel,M (1998)-Von Lossow,M (1706) Regionalliga Nord-West 1718 2017 (4.7)}) 9... Ne4 10. Bd3 Nxc3 11. bxc3 Bxd3 12. Qxd3 O-O 13. e4 c5 14. Be3 Qc7 15. Reb1 Nd7 16. e5 Be7 17. Qe4 Nb6 18. a5 Nd5 19. c4 Nb4 20. dxc5 Bxc5 21. Bxc5 Qxc5 22. Ra4 Nc6 23. Rb5 Qe7 24. a6 bxa6 25. Rxa6 Nb4 26. Ra4 a5 27. Rbxb4 Qxb4 28. Rxb4 axb4 29. g3 b3 30. Nd2 b2 31. Qc2 Rfb8 32. Nb1 Ra1 33. c5 Rb4 34. c6 Rxb1+ 35. Qxb1 Rc4 36. Qxb2 Rxc6 37. Qb8+ Kh7 38. Qb7 Rc1+ 39. Kg2 Kg8 40. h4 g6 41. Qb2 Rd1 42. g4 Rd5 43. h5 gxh5 44. gxh5 Rd8 45. f4 Re8 46. Kf3 Kh8 47. Qb5 Rg8 48. Qd7 Rg7 49. Qd8+ Kh7 50. Qf6 Kg8 51. Qxh6 Rh7 52. Qg5+ Rg7 53. Qd8+ Kh7 54. f5 1-0

[Event "45th Olympiad 2024"]
[Site "Budapest HUN"]
[Date "2024.09.21"]
[Round "10.75"]
[Board "4"]
[White "Pitamber, Sachin Dhilan"]
[Black "Akmal, Ahmad"]
[Result "1/2-1/2"]
[WhiteElo "1719"]
[BlackElo "1830"]
[PlyCount "85"]
[EventDate "2024.09.11"]
[WhiteTeam "Guyana"]
[BlackTeam "Brunei Darussalam"]
[WhiteTeamCountry "GUY"]

1. d4 Nf6 2. c4 g6 3. Nc3 d5 4. Nf3 Bg7 5. cxd5 Nxd5 6. e4 Nxc3 7. bxc3 c5 8. Bb5+ Bd7 9. Bxd7+ Nxd7 10. O-O O-O 11. Qb3 ({RR} 11. Qe2 e6 12. Rb1 Qc7 13. Bg5 Rac8 14. Rfd1 Rfe8 15. Qb5 b6 16. a4 Nf6 17. Bxf6 Bxf6 18. d5 exd5 19. exd5 Qd6 20. c4 Re4 21. Re1 Rce8 22. g3 Bc3 23. Qxe8+ Rxe8 24. Rxe8+ Kg7 25. Kg2 Qd7 {1-0 Cmilyte,V (2514)-Lagno,K (2543) Beijing Sportaccord Basque (Women) rapid 2013 (1.2)}) 11... Qb6 ({RR} 11... Qc7 12. Bg5 e5 13. d5 c4 14. Qb4 Rfc8 15. Rab1 b6 16. Be7 Nc5 17. d6 Qb7 18. Nd2 Nd7 19. Rfe1 Qc6 20. Rbd1 a5 21. Qb2 Bf8 22. Bxf8 Rxf8 23. Nf3 f6 24. Qd2 Rad8 25. Qd5+ Qxd5 26. Rxd5 {0-1 Schultz,R (1613)-Di Berardino,D (2479) Josino Rezende Mem 2023 (1.2)}) 12. Be3 Qxb3 $146 ({RR} 12... cxd4 13. cxd4 Rfc8 14. Rac1 a6 15. Qxb6 Nxb6 16. Rb1 Nc4 17. Rxb7 e6 18. Bf4 Na5 19. Rd7 Rd8 20. Rxd8+ Rxd8 21. Bc7 {1-0 Sweetland,G (1624)-Annetts,I (1736) Weymouth Major op 2008 (3)}) 13. axb3 b6 14. e5 Rfc8 15. Rac1 e6 16. Ng5 c4 17. b4 a5 18. Ne4 Bf8 19. bxa5 bxa5 20. Rb1 Rab8 21. f3 Rb3 22. Ra1 Ra8 23. Rf2 a4 24. Rfa2 Nb6 25. Kf2 a3 26. Ke2 Na4 27. Kd2 Rab8 28. Kc2 Nb2 29. Nf6+ Kg7 30. Nd7 Ra8 31. Nxf8 Kxf8 32. Bc1 Nd3 33. Rxa3 Raxa3 34. Bxa3+ Kg7 35. g3 f6 36. f4 g5 37. exf6+ Kxf6 38. fxg5+ Kxg5 39. h3 Kf5 40. Rf1+ Ke4 41. Bc1 Rb7 42. Rf8 Ra7 43. Bd2 1/2-1/2

[Event "45th Olympiad 2024"]
[Site "Budapest HUN"]
[Date "2024.09.21"]
[Round "10.76"]
[Board "1"]
[White "Van Bemmelen, Ursus"]
[Black "Mahamat Hachim Bachar"]
[Result "1-0"]
[WhiteElo "2146"]
[BlackElo "1872"]
[PlyCount "129"]
[EventDate "2024.09.11"]
[WhiteTeam "Netherlands Antilles"]
[BlackTeam "Chad"]
[WhiteTeamCountry "AHO"]
[BlackTeamCountry "CHD"]

1. d4 d5 2. Nf3 c6 3. g3 Bf5 4. Bg2 Qc8 ({RR} 4... e6 5. O-O Nd7 6. Nbd2 Be7 7. c4 Ngf6 8. Re1 Ne4 9. Nxe4 Bxe4 10. Qb3 Qb6 11. Be3 O-O 12. Nd2 {½-½ Vera Gonzalez Quevedo,R (2546)-Arencibia Rodriguez,W (2529) Capablanca Memorial Elite 35th 2000 (2)}) 5. Bf4 ({RR} 5. h4 Nf6 6. c3 e6 7. Bf4 Na6 8. Nbd2 Nc7 9. Nf1 Nb5 10. Ne3 Be4 11. Bh3 a5 12. O-O a4 13. a3 Bd6 14. Bxd6 Nxd6 15. Ng5 h6 16. Nxe4 Nfxe4 17. Qe1 g5 18. h5 f5 19. g4 f4 {1-0 Yeritsyan,H (2203)-Kovalevsky,S (2163) Titled Tue 16th Jan Early 2024 (4)}) 5... Bh3 6. Bxh3 $146 ({RR} 6. O-O f6 7. Nbd2 g5 8. Bxb8 Rxb8 9. e4 h5 10. exd5 h4 11. Qe2 Bxg2 12. Kxg2 hxg3 13. fxg3 Qh3+ 14. Kg1 cxd5 15. Rae1 Nh6 16. Nb3 Nf7 17. Nc5 Qc8 18. Nd2 Qc6 19. Ne6 Qd6 20. Rf5 Rc8 {1-0 Forman,S (1910)-Cernousek,L (2000) CZE-ch U18 Prague 1996 (7)}) ({RR} 6. O-O Nf6 7. Nbd2 Bxg2 8. Kxg2 e6 9. c4 Be7 10. Rc1 O-O 11. Qb3 Nbd7 12. Rfe1 Nh5 13. Bg5 f6 14. Be3 f5 15. Bg5 Nhf6 16. cxd5 exd5 17. e4 fxe4 18. Nxe4 Kh8 19. Nxf6 Bxf6 20. Bxf6 Nxf6 {½-½ Morais,V (2059)-Reis Luis,S Lisbon-ch 1999 (7)}) 6... Qxh3 7. Qd3 Nf6 8. Nbd2 h6 9. e4 e6 10. O-O-O Be7 11. Qe2 O-O 12. Rhg1 Ng4 13. Ne5 Nxe5 14. Bxe5 Nd7 15. Bf4 g5 16. Be3 f5 17. exf5 exf5 18. Bf4 Bf6 19. Qe6+ Rf7 20. Be5 Nxe5 21. dxe5 Bg7 22. Nf3 Raf8 23. Nd4 Kh7 24. f4 a6 25. Rd2 Qg4 26. Rf2 a5 27. Rgf1 a4 28. a3 c5 29. Nb5 d4 30. Nd6 Rc7 31. Qc4 gxf4 32. gxf4 b6 33. Kb1 Rb8 34. Nb5 Rd7 35. Qd3 Rc8 36. Qc4 Rcd8 37. Rf3 Qg2 38. Nd6 Rxd6 39. exd6 Rxd6 40. Rg3 Qb7 41. Rfg1 Rd7 42. Qe6 Rf7 43. Qg6+ Kh8 44. Re1 Re7 45. Re6 Qh1+ 46. Rg1 Qxg1+ 47. Qxg1 Rxe6 48. Qf1 Re4 49. h4 Bf6 50. h5 Bg7 51. Ka2 Kh7 52. Kb1 Kh8 53. Kc1 Bf6 54. Kd2 Rxf4 55. Qa6 Rf2+ 56. Kd3 Bg5 57. Qxa4 Be3 58. Kc4 f4 59. Qe8+ Kg7 60. Qg6+ Kf8 61. Qxh6+ Ke7 62. Kd5 f3 63. Qg7+ Ke8 64. Ke6 Bg5 65. Qg8# 1-0

[Event "45th Olympiad 2024"]
[Site "Budapest HUN"]
[Date "2024.09.21"]
[Round "10.76"]
[Board "2"]
[White "Abdelaziz Bokhit, Badjoiri"]
[Black "Van Opstal, Rurik"]
[Result "0-1"]
[WhiteElo "1778"]
[BlackElo "2006"]
[PlyCount "82"]
[EventDate "2024.09.11"]
[WhiteTeam "Chad"]
[BlackTeam "Netherlands Antilles"]
[WhiteTeamCountry "CHD"]
[BlackTeamCountry "AHO"]

1. e4 c5 2. Nf3 d6 3. h3 g6 4. c3 Nf6 5. d3 ({RR} 5. Bb5+ Bd7 6. Bxd7+ Qxd7 7. d3 Bg7 8. O-O O-O 9. Re1 Nc6 10. Nbd2 b5 11. Nf1 b4 12. d4 bxc3 13. bxc3 cxd4 14. cxd4 Rfc8 15. Rb1 d5 16. Ne5 Qe8 17. Nxc6 Qxc6 18. e5 Ne4 19. Bb2 Qc2 {½-½ Savic,M (2587)-Bogosavljevic,B (2580) Belgrade Vucicevic Memorial op 2015 (15)}) 5... Bg7 6. Be2 O-O ({RR} 6... Nc6 7. Be3 O-O 8. Nbd2 a6 9. Rc1 b5 10. a3 Bb7 11. O-O e5 12. Re1 Re8 13. Nf1 Nh5 14. Qd2 Rc8 15. g4 Nf6 16. Ng3 Qd7 17. Kg2 Nd8 18. g5 Nh5 19. Nxh5 gxh5 20. Nh4 d5 21. Qc2 {0-1 Tan,S (1872)-Enemchukwu,C (1889) Olympiad-44 Chennai 2022 (10.1)}) 7. Nbd2 e5 $146 ({RR} 7... Nc6 8. Nf1 e5 9. Bd2 d5 10. Qc2 c4 11. dxc4 dxe4 12. N3h2 Nd4 13. cxd4 exd4 14. Qb3 Nd7 15. Ng3 Nc5 16. Qa3 b6 17. O-O Bb7 18. Rfd1 Qc7 19. b4 Ne6 20. Rac1 d3 21. Bf1 f5 22. Bc3 {0-1 Liberman,E (2159)-Purygin,A (2230) Samara op rapid 2012 (9)}) 8. Nf1 Nh5 9. N3h2 Nf4 10. Ne3 Nc6 11. Nf3 Be6 12. O-O f5 13. Kh2 Qf6 14. c4 Nxe2 15. Qxe2 fxe4 16. dxe4 Qf4+ 17. Kh1 Bxh3 18. Nf5 Qg4 19. gxh3 Qxh3+ 20. Nh2 gxf5 21. exf5 Rxf5 22. Qg4 Qxg4 23. Nxg4 Nd4 24. Rg1 Kh8 25. Rg2 Rh5+ 26. Nh2 Nf3 27. Be3 Rf8 28. Rd1 Rf6 29. b4 Bh6 30. bxc5 Bxe3 31. fxe3 Rfh6 32. Rdd2 Nxd2 33. Rxd2 Rxh2+ 34. Rxh2 Rxh2+ 35. Kxh2 dxc5 36. Kg3 Kg7 37. Kf3 Kf6 38. a4 Kf5 39. e4+ Kg5 40. Kg3 a5 41. Kf3 Kh4 0-1

[Event "45th Olympiad 2024"]
[Site "Budapest HUN"]
[Date "2024.09.21"]
[Round "10.76"]
[Board "3"]
[White "Blijstra, Willem"]
[Black "Adam, Jamal"]
[Result "1/2-1/2"]
[WhiteElo "2063"]
[BlackElo "2013"]
[PlyCount "36"]
[EventDate "2024.09.11"]
[WhiteTeam "Netherlands Antilles"]
[BlackTeam "Chad"]
[WhiteTeamCountry "AHO"]
[BlackTeamCountry "CHD"]

1. d4 Nf6 2. Nf3 d5 3. Bf4 c6 4. e3 Qb6 5. Qc1 Bf5 6. c4 e6 7. c5 ({RR} 7. Nc3 Nbd7 8. c5 Qd8 9. Be2 Be7 10. h3 Ne4 11. O-O g5 12. Be5 Nxe5 13. Nxe5 Bf6 14. Nxe4 Bxe4 15. Qc3 Bg7 16. b4 O-O 17. b5 cxb5 18. Bxb5 Qc7 19. Rac1 f6 20. Nd7 Rfd8 21. c6 bxc6 {½-½ Kamsky,G (2671)-Kramnik,V (2729) Olympiad-37 Turin 2006 (11)}) ({RR} 7. Nc3 Nbd7 8. h3 Be7 9. Be2 O-O 10. O-O Ne4 11. a3 Rfe8 12. b4 Bf6 13. c5 Qd8 14. Ne5 Nxe5 15. dxe5 Bg5 16. Bxg5 Qxg5 17. f4 Qg6 18. Nxe4 Bxe4 19. g4 f6 20. Qc3 h5 21. Kf2 h4 {1-0 Llari,M (2226)-Causo,D (2224) Titled Tue 16th Jul Early 2024 (6)}) 7... Qa5+ 8. Qc3 Qxc3+ 9. Nxc3 Nh5 $146 ({RR} 9... Nbd7 10. h3 Be7 11. Be2 O-O 12. O-O h6 13. b4 Ne4 14. Rfc1 Nxc3 15. Rxc3 Rfe8 16. b5 Bf6 17. bxc6 bxc6 18. Bd6 e5 19. Ba6 Be4 20. Rd1 Bxf3 21. gxf3 exd4 22. exd4 Re6 23. Re3 Rae8 24. Rxe6 {1-0 Bradac,R (1999)-Zacharias,M (1727) Trebic Highlands op 12th 2018 (1)}) ({RR} 9... Nbd7 10. h3 Be7 11. g4 Bg6 12. Nh4 O-O 13. Nxg6 hxg6 14. Bg3 e5 15. dxe5 Nh7 16. e4 d4 17. O-O-O Bxc5 18. Na4 Rfd8 19. f4 b5 20. Nxc5 Nxc5 21. Bg2 Na4 22. h4 Rd7 23. Bf2 c5 24. g5 {1-0 Koziej,M (1953)-Smykalo,S (1870) Krakow Malopolski op 2022 (5)}) 10. b4 Nxf4 11. exf4 Be7 12. Kd2 Nd7 13. Bd3 Bg4 14. Be2 Bf5 15. Bd3 Bg4 16. Be2 Bf5 17. Bd3 Bg4 18. Be2 Bf5 1/2-1/2

[Event "45th Olympiad 2024"]
[Site "Budapest HUN"]
[Date "2024.09.21"]
[Round "10.76"]
[Board "4"]
[White "Hassaballa Ahmed Hassaballa"]
[Black "Van Delden, Johan"]
[Result "0-1"]
[WhiteElo "1902"]
[BlackElo "1909"]
[PlyCount "160"]
[EventDate "2024.09.11"]
[WhiteTeam "Chad"]
[BlackTeam "Netherlands Antilles"]
[WhiteTeamCountry "CHD"]
[BlackTeamCountry "AHO"]

1. e4 e5 2. Nf3 Nc6 3. Bb5 a6 4. Bc4 Nf6 5. Ng5 d5 6. exd5 Na5 7. Qe2 Nxc4 8. Qxc4 Nxd5 9. Nc3 $146 ({RR} 9. O-O Qxg5 10. Qxd5 Bd6 11. d4 Qe7 12. Re1 c6 13. Qe4 exd4 14. Qxe7+ Bxe7 15. Bg5 Be6 16. f4 Bxg5 17. fxg5 O-O 18. Nd2 g6 19. Ne4 Bf5 20. Nf6+ Kg7 21. Re7 b5 22. Rae1 {½-½ Daudaravicius,A-Perminaite,S Kaunas New Year op 2015 (4)}) 9... c6 10. d3 h6 11. Nf3 Bd6 12. O-O Be6 13. Ne4 Ne3 14. Nxd6+ Qxd6 15. Qc3 Nxf1 16. Kxf1 f6 17. Be3 Kf7 18. Re1 Rhe8 19. h3 Kg8 20. Bc5 Qd7 21. Kg1 Qf7 22. Kh2 Rad8 23. a4 Qc7 24. Kg1 b6 25. Be3 a5 26. Nd2 c5 27. b3 Qc6 28. f3 Bd5 29. Nc4 Bxc4 30. Qxc4+ Qd5 31. Kf2 Re6 32. Bd2 Kh7 33. Qe4+ g6 34. Qh4 Qd4+ 35. Kg3 h5 36. Qe4 Kg7 37. h4 Qxe4 38. fxe4 Red6 39. Be3 Kf7 40. Kf3 Ke6 41. Ke2 Rf8 42. g3 Rd7 43. Rg1 Rg8 44. Rh1 f5 45. Rg1 Rf7 46. Rf1 Rgf8 47. Bh6 Rd8 48. Bg5 Rd4 49. c3 Rd6 50. exf5+ gxf5 51. Ke3 Rfd7 52. Rd1 e4 53. d4 cxd4+ 54. Rxd4 Rxd4 55. cxd4 Rc7 56. Kd2 Kd5 57. Bf4 Rc6 58. Be3 Rg6 59. Bf2 b5 60. axb5 Rb6 61. Kc3 Rxb5 62. Be3 Rb8 63. Bf2 Rg8 64. Kd2 a4 65. bxa4 Ra8 66. Ke3 Rxa4 67. Kf4 Ra3 68. Be1 Rf3+ 69. Kg5 Kxd4 70. Kxh5 Rf1 71. Ba5 e3 72. Kg5 Ke4 73. h5 e2 74. h6 Rg1 75. h7 Rxg3+ 76. Kh5 Rh3+ 77. Kg6 f4 78. Bd2 f3 79. Bh6 Rxh6+ 80. Kxh6 e1=Q 0-1

[Event "45th Olympiad 2024"]
[Site "Budapest HUN"]
[Date "2024.09.21"]
[Round "10.77"]
[Board "1"]
[White "Pereira, Sergio"]
[Black "Bodin-Hullin, Thomas"]
[Result "1-0"]
[WhiteElo "1988"]
[BlackElo "1855"]
[PlyCount "73"]
[EventDate "2024.09.11"]
[WhiteTeam "Sao Tome and Principe"]
[BlackTeam "Senegal"]
[WhiteTeamCountry "SAO"]
[BlackTeamCountry "SEN"]

1. e4 c5 2. Nc3 d6 3. d4 cxd4 4. Qxd4 Nc6 5. Bb5 Bd7 6. Bxc6 Bxc6 7. Nf3 e5 8. Qd3 Nf6 9. Bg5 Be7 10. O-O-O Ng4 11. Be3 ({RR} 11. Bxe7 Qxe7 12. Rd2 Rd8 13. Rhd1 O-O 14. h3 Nf6 15. Qe2 b5 16. Kb1 b4 17. Nd5 Nxd5 18. exd5 Bd7 19. Nd4 Rc8 20. f4 Qf6 21. fxe5 dxe5 22. Nf3 Rfe8 23. Qe4 a5 24. g4 h6 25. Re1 Qf4 {1-0 Zhigalko,S (2572)-Kucuksari,K (2482) Titled Tue 18th Oct Early 2022 (8)}) ({RR} 11. Bxe7 Qxe7 12. Rd2 O-O-O 13. h3 Nf6 14. Qe3 Kb8 15. Rhd1 Rhe8 16. a3 h6 17. Kb1 Qe6 18. Qe2 Nh5 19. b4 Nf4 20. Qf1 b6 21. Nd5 Bxd5 22. exd5 Qf5 23. Kb2 Rc8 24. Re1 Qf6 25. Kb3 Re7 {0-1 Khouri,A (1978)-Marjanovic,A (2302) Abu Dhabi Masters Online 2024 (8)}) 11... Nxe3 12. Qxe3 O-O $146 ({RR} 12... Qa5 13. Nd2 O-O 14. Nb3 Qc7 15. h4 Rfc8 16. Qe2 b5 17. Nd5 Bxd5 18. Rxd5 Rab8 19. Rh3 b4 20. Kb1 Ra8 21. Ra5 a6 22. c3 Qb6 23. cxb4 Qxb4 24. a3 Qb7 25. Ka2 Rcb8 26. h5 f5 27. h6 {0-1 Alvarez,M-Han Wong,I Pan American-ch U12 Girls 2002 (5)}) ({RR} 12... Qb6 13. Qxb6 axb6 14. Kb1 O-O 15. Nd5 Bd8 16. g4 Ra4 17. Rhe1 Bxd5 18. Rxd5 Bc7 19. Nd2 g6 20. b3 Rd4 21. Rxd4 exd4 22. Nf3 Re8 23. Rd1 Rxe4 24. Rxd4 Re2 25. Rd2 Re7 26. c4 Kg7 27. h3 {1-0 Garcia,M (1489)-Pilgrim,R (1536) Perth Metro CC-chC 2006 (5)}) ({RR} 12... Qa5 13. h4 O-O-O 14. Kb1 Kb8 15. Nd2 f6 16. Nb3 Qc7 17. Nd5 Bxd5 18. Rxd5 Rc8 19. Qd3 Qc4 20. g3 Qxd3 21. cxd3 Rhf8 22. f4 g6 23. h5 g5 24. f5 Rc6 25. Na5 Rc5 26. Rc1 Rxd5 27. exd5 {½-½ Geiss,A (1393)-Poeltelt,H (1746) Berlin Lichtenberger op 18th 2019 (2)}) 13. Nxe5 f5 14. Nxc6 bxc6 15. e5 f4 16. Qh3 Kh8 17. exd6 Bf6 18. Ne4 Be5 19. Rd3 Rb8 20. Rb3 Qa5 21. Qe6 Rbe8 22. Qc4 Qxa2 23. Rd1 Bxb2+ 24. Kd2 f3 25. gxf3 Rxf3 26. d7 Rd8 27. Ke2 Rff8 28. Ng5 Bf6 29. Ne6 Qa5 30. h3 Qh5+ 31. Qg4 Qe5+ 32. Re3 Qb5+ 33. c4 Qb2+ 34. Rd2 Qc1 35. Nxf8 Bc3 36. Ng6+ Kg8 37. Qe6# 1-0

[Event "45th Olympiad 2024"]
[Site "Budapest HUN"]
[Date "2024.09.21"]
[Round "10.77"]
[Board "2"]
[White "Lesbros, Bernard"]
[Black "Nascimento Admilton de Ceita dos Santos"]
[Result "1-0"]
[WhiteElo "1938"]
[BlackElo "1908"]
[PlyCount "125"]
[EventDate "2024.09.11"]
[WhiteTeam "Senegal"]
[BlackTeam "Sao Tome and Principe"]
[WhiteTeamCountry "SEN"]
[BlackTeamCountry "SAO"]

1. Nf3 d5 2. c4 e6 3. g3 Nf6 4. Bg2 dxc4 5. O-O Nc6 6. Qa4 Bd7 7. Qxc4 a6 ({RR} 7... Rc8 8. d4 Na5 9. Qc2 c5 10. Nc3 b5 11. dxc5 Bxc5 12. a3 Nc4 13. b4 Be7 14. Qb3 O-O 15. a4 bxa4 16. Nxa4 Nd5 17. Nb2 Bb5 18. Nd4 a6 19. Nxb5 axb5 20. Rd1 Ra8 21. Rxa8 Qxa8 22. Nxc4 {½-½ Tyshniuk,R (1718)-Romanov,V (1992) Kyiv Spring 2023 (4.27)}) 8. d4 Nb4 $146 ({RR} 8... Bd6 9. Nc3 Rb8 10. a4 h6 11. e4 e5 12. dxe5 Nxe5 13. Nxe5 Bxe5 14. f4 Be6 15. Qe2 Bd4+ 16. Kh1 O-O 17. f5 Bd7 18. Bf4 Re8 19. Rad1 Be5 20. Nd5 Bxa4 21. Nxf6+ Qxf6 22. Bxe5 Rxe5 {0-1 Mort,A (1829)-Slinger,T (1869) BCF-chT3N 1718 (4NCL) 2017 (10.54)}) 9. Qb3 Bc6 10. Nc3 Ne4 11. Ne5 Nxc3 12. bxc3 Bxg2 13. Kxg2 Qd5+ 14. Qxd5 Nxd5 15. Bd2 f6 16. Nd3 Nb6 17. Rab1 g5 18. f4 g4 19. f5 Bd6 20. Bh6 Rg8 21. Nc5 exf5 22. Nxb7 Nc4 23. Rxf5 Rg6 24. Nxd6+ Nxd6 25. Rh5 Ne4 26. Rb3 Kf7 27. Bf4 Kg8 28. Bxc7 Rc8 29. Ba5 Ng5 30. Rb6 Rc4 31. Rxa6 Ra4 32. Ra8+ Kf7 33. Ra7+ Ke6 34. Bb6 Rc4 35. e4 Rxc3 36. d5+ Kd6 37. Ra4 h6 38. Bd4 Rc2+ 39. Kf1 Nxe4 40. Ra6+ Kd7 41. Be3 Rc3 42. Rxh6 Rxh6 43. Bxh6 Rc5 44. Ra4 f5 45. Be3 Rc2 46. Bf4 Rxh2 47. Ra7+ Kd8 48. d6 Nd2+ 49. Ke1 Ne4 50. Be5 Rh6 51. Bf4 Re6 52. Kd1 Nxd6 53. Ra6 Ke7 54. Bxd6+ Rxd6+ 55. Rxd6 Kxd6 56. Ke2 Ke5 57. Ke3 f4+ 58. gxf4+ Kf5 59. a4 g3 60. Kf3 g2 61. Kxg2 Kxf4 62. a5 Ke5 63. a6 1-0

[Event "45th Olympiad 2024"]
[Site "Budapest HUN"]
[Date "2024.09.21"]
[Round "10.77"]
[Board "3"]
[White "Lima, Osvaldo Dos Santos"]
[Black "Marochkina, Nadezhda Valerevna"]
[Result "0-1"]
[WhiteElo "1903"]
[BlackElo "1792"]
[PlyCount "162"]
[EventDate "2024.09.11"]
[WhiteTeam "Sao Tome and Principe"]
[BlackTeam "Senegal"]
[WhiteTeamCountry "SAO"]
[BlackTeamCountry "SEN"]

1. c4 Nf6 2. Nc3 d5 3. cxd5 Nxd5 4. g3 e6 5. Bg2 c6 6. Nf3 Nd7 7. O-O Be7 8. d4 O-O ({RR} 8... Qc7 9. Qb3 N7f6 10. Re1 h6 11. e4 Nb6 12. Bf4 Qd8 13. Rad1 O-O 14. Ne5 Bd6 15. Nxc6 bxc6 16. Bxd6 Qxd6 17. e5 Qc7 18. exf6 gxf6 19. Re4 f5 20. Rh4 Kg7 21. Ne2 Nd5 22. Bxd5 exd5 23. Nf4 {1-0 Serper,G (2560)-Kejo,J Oslo op 1994 (2)}) 9. e4 N5f6 ({RR} 9... Nxc3 10. bxc3 c5 11. Be3 b6 12. d5 Ba6 13. dxe6 Bxf1 14. exf7+ Rxf7 15. Bxf1 Rf8 16. e5 Qc7 17. Bf4 g5 18. Bxg5 Nxe5 19. Qd5+ Nf7 20. Bc4 b5 21. Bxe7 Qxe7 22. Re1 Qd8 23. Qxd8 Raxd8 24. Bxb5 {0-1 Gordon,S (1964)-Zhang,J (1962) English Open 2024 (3.36)}) 10. h3 Bb4 $146 ({RR} 10... h6 11. Be3 Bb4 12. Qc2 Nb6 13. Nd2 Nfd7 14. a3 Be7 15. f4 c5 16. d5 exd5 17. Nxd5 Nxd5 18. exd5 Rb8 19. Ne4 b6 20. Rad1 Re8 21. Bd2 Nf6 22. Nxf6+ Bxf6 23. Bc3 Bxc3 24. Qxc3 Qd6 25. Rfe1 {½-½ Becker,G (1539)-Hoose,H (1554) GER-ch Seniors 18th 2006 (8)}) 11. Qc2 c5 12. a3 Ba5 13. dxc5 Bxc3 14. bxc3 Nxc5 15. Nd4 e5 16. Nb3 Nxb3 17. Qxb3 Qc7 18. Be3 Be6 19. Qb2 Bc4 20. Rfd1 b5 21. f4 Nh5 22. Qf2 Bb3 23. Rdc1 Rfd8 24. Kh2 Rd3 25. fxe5 Qxe5 26. Bf1 Rxc3 27. Bd4 Qxg3+ 28. Qxg3 Rxg3 29. Bxb5 Be6 30. Bf1 Rb3 31. Rcb1 a5 32. Rxb3 Bxb3 33. a4 Bc2 34. Be2 Nf4 35. Bf3 Ne6 36. Be3 h6 37. e5 Rb8 38. Bc6 Rb2 39. Kg3 Rb3 40. Kf2 Rb2 41. Ke1 Rb3 42. Kd2 Bf5 43. h4 Rd3+ 44. Ke2 Nd4+ 45. Bxd4 Rxd4 46. h5 Rc4 47. Bb5 Rc5 48. Ke3 Rxe5+ 49. Kd4 Re7 50. Kc5 Bd7 51. Kd6 Bxb5 52. Kxe7 Bc6 53. Kd6 Bf3 54. Rc1 Bxh5 55. Rc5 Bf3 56. Rxa5 g5 57. Ke5 Kg7 58. Kf5 Bb7 59. Kg4 Kg6 60. Ra7 f5+ 61. Kg3 f4+ 62. Kf2 Be4 63. a5 g4 64. Re7 g3+ 65. Kg1 Bd5 66. Re5 Bf3 67. a6 h5 68. Re8 Kf7 69. Re5 Kf6 70. Re8 Kf7 71. Re5 Kg6 72. a7 h4 73. Re8 h3 74. Rh8 h2+ 75. Rxh2 gxh2+ 76. Kxh2 Kg5 77. Kh3 Bc6 78. Kh2 Kg4 79. Kg1 Kg3 80. Kf1 f3 81. Kg1 f2+ 0-1